La crisis en la familia de hoy / (Registro nro. 14257)

Detalles MARC
000 -LIDER
fixed length control field 00749cam a22002414a 4500
001 - NÚMERO DE CONTROL
Identificador de número de control
003 - IDENTIFICACDOR DE NÚMERO DE CONTROL
control field DO-SdBNP
005 - DATE AND TIME OF LATEST TRANSACTION
control field 20220909122205.0
008 - ELEMENTOS DE LONGITUD FIJA
fixed length control field 060925s2006 xx 000 0 spa
020 ## - ISBN
International Standard Book Number 9780881139532
040 ## - FUENTE DE CATALOGACIÓN
Agencia que crea de manera original el registro BPMSU
Idioma de catalogación spa
Agencia que realiza la transcripción BPMSU
Agencia que realiza la modificación
082 #4 - NÚMERO DE CLASIFICACIÓN DECIMAL DE DEWEY
Classification number 301.4208
Item number Y89c 2006
Edition number 22
100 1# - ASIENTO PRINCIPAL -- NOMBRE PERSONAL
Nombre personal Yrion, Josué.
245 13 - MENCIÓN DE TITULO
Título La crisis en la familia de hoy /
Mención de responsabilidad Josué Yrion.
260 ## - PUBLICACIÓN, DISTRIBUCIÓN, ETC. (PIE DE IMPRENTA)
Lugar de publicación, distribución, etc México :
Nombre del editor, distribuidor, etc. Grupo Nelson,
Fecha de publicación, distribución, etc 2006.
300 ## - DESCRIPCIÓN FÍSICA
Extensión 320 p. ;
Dimensiones 21 cm.
590 ## - NOTA LOCAL
Enlace Inventariado, 2022/VM
650 #4 - ENCABEZAMIENTO DE MATERIA--TEMÁTICO
Término temático o nombre geográfico como elemento de entrada Familia.
Subdivisión temática general Aspectos religiosos
--
650 #4 - ENCABEZAMIENTO DE MATERIA--TEMÁTICO
Término temático o nombre geográfico como elemento de entrada Educación para la vida familiar.
Subdivisión geográfica
856 42 - UBICACIÓN ELECTRÓNICA Y ACCESO
Materiales especificados Publisher description
Identificador Uniforme del Recurso (“URI”) http://www.loc.gov/catdir/enhancements/fy0704/2006281471-d.html
910 ## - VALIDACIÓN
Validación VMateo V./Validado
942 ## - ADDED ENTRY ELEMENTS (KOHA)
Source of classification or shelving scheme Dewey Decimal Classification
Koha item type Libros
Existencias
Withdrawn status Lost status Source of classification or shelving scheme Damaged status Not for loan Collection code Home library Current library Date acquired Total Checkouts Full call number Barcode Date last seen Price effective from Koha item type
    Dewey Decimal Classification     Colección General Biblioteca Pública Metropolitana Salomé Ureña Biblioteca Pública Metropolitana Salomé Ureña 09/09/2022   BPMSU CG 301.4208 Y89c 2006 BPMSU22090014 09/09/2022 09/09/2022 Libros